000 00655nam a2200241 4500
003 OSt
005 20260601171009.0
008 260507b2008\\\\|||a||||\||||\00|\0\spa\d
040 _aICI
_bspa
_cICI
050 _aNC998
_bA96
100 1 _aAymerich, Marta
_932819
245 1 _aSímbolos, Pictogramas y Siluetas
264 _bIndex Book • Publisher
_c2008
_aChina
300 _a403 páginas
336 _atexto
_2rdacontent
337 _asin medio
_2rdamedia
338 _avolumen
_2rdacarrier
650 _aSímbolos gráficos
650 _aPictogramas
650 _aDiseño gráfico
_918020
650 _aComunicación visual
942 _2lcc
_cB
_n1
999 _c20426
_d20426